000 00995nam a2200289 a 4500
001 000009447
003 DO-SdBNP
005 20210517091531.0
007 000009447
008 090930s2017 dr 001 0 spa d
040 _aBPMSU
_bspa
_cBPMSU
082 4 _aRD861.44
_bR918m 2017
_222
100 1 _aRueda, Manuel,
_d1921-1999
245 1 0 _aMateria del amor /
_cManuel Rueda ; selección y prólogo de José Alcantara Almanzar
260 _aSanto Domingo :
_bEditora Nacional :
_bMinisterio de Cultura
_c2017
300 _axxxiii, 304 p. :
_c20 cm.
490 0 _aBiblioteca dominicana básica ;
_apoesía,
_v2
500 _aIncluye datos biográficos del autor en las solapas
590 _6Inventariado, 2021/VM
650 4 _aRueda, Manuel
_d1921-1999
_xCritica e interpretación
650 4 _aPoesía dominicana
650 4 _aLiteratura dominicana
700 1 _aAlcantara Almanzar, José
_epról.
830 0 _aBiblioteca dominicana básica
_v2
910 _aVMateo
942 _2ddc
_cBK
999 _c13503
_d13503